Красный цветок: рассказы

Bibliographic Details
Main Author: Гаршин В. М. Всеволод Михайлович
Language:Russian
Published: Киев, Днiпро, 1986
Subjects:
Format: Book
KOHA link:https://koha.lib.tpu.ru/cgi-bin/koha/opac-detail.pl?biblionumber=112634

MARC

LEADER 00000nam0a2200000 4500
001 112634
005 20231101215055.0
035 |a (RuTPU)RU\TPU\book\121788 
035 |a RU\TPU\book\121782 
090 |a 112634 
100 |a 20070330d1986 m y0rusy5003 ca 
101 0 |a rus 
102 |a UA 
105 |a a z 000ab 
200 1 |a Красный цветок  |f В. Гаршин  |e рассказы  |f В. М. Гаршин 
210 |a Киев  |c Днiпро  |d 1986 
215 |a 260 с.  |c ил. 
327 1 |a Содерж.: Рассказы: Четыре дня; Происшествие; Очень коротенький роман;Трус; Встреча; Художники; Attalea princeps; Денщик и офицер; То, чего не было; Медведи, Красный цветок и др. произведения 
610 1 |a русская литература 
610 1 |a рассказы 
675 |a Р1  |z rus  |v 3 
700 1 |a Гаршин  |b В. М.  |c русский писатель  |f 1855-1888  |g Всеволод Михайлович  |2 stltpush  |3 (RuTPU)RU\TPU\pers\11450  |9 2645 
801 0 |a RU  |b RuMRKP  |c 19950417  |g psbo 
801 1 |a RU  |b 63413507  |c 20070330  |g PSBO 
801 2 |a RU  |b 63413507  |c 20150115  |g PSBO 
942 |c BK